export_success — 

2005 : African development indicators.

Bibliographic Details
Corporate Author: The World Bank
Format: Book
Published: Washington, D.C: The World Bank, 2005.
Subjects:
LEADER 00565cam a2200181 7i4500
001 0000016305
005 20051017090000.0
020 0 0 |a 0-8213-6078-7  
090 0 0 |a AFRI 330.96   |b AFR 
245 0 0 |a 2005 :   |b African development indicators. 
260 0 0 |a Washington, D.C:   |b The World Bank,   |c 2005. 
300 # # |a 406 p. 
650 0 0 |a Economic indicators --   |z Africa  
650 0 0 |a Social indicators --   |z Africa  
650 0 0 |a Development indicators, global --   |z Africa  
651 0 0 |a Africa  
710 2 1 |a The World Bank  
999 |a B000017601  |b Book  |c Regions  |e Business Information Centre